Top 10 Warmest U.S states. - Statistics

General Stats
  • This quiz has been taken 105 times
  • The average score is 10 of 10
Answer Stats
Answer % Correct
Florida
100%
Texas
99%
Georgia
98%
Hawaii
98%
Alabama
96%
Arizona
95%
Mississippi
95%
Louisiana
93%
South Carolina
93%
Arkansas
88%
No matching quizzes found
Score Distribution
Percent of People with Each Score
Percentile by Number Answered
Your Score History
You have not taken this quiz